01988cam a2200253 a 450000100100000000500170001000800410002702000150006804000300008308200190011324501320013226000690026430000350033350400420036850509320041065000610134265000480140365000520145170000510150391000340155404900090158895201220159799900150171900000650320200929153936.0030131s2002 ck ab b 000 0 spa d a9586650537 aDO-SdBNPbspacDLCdBNPHU a986.003bS116p00aSabiduría, poder y comprensión :bAmérica se repiensa desde sus orígenes /ccompilador, Roberto Arturo Restrepo Arcila. aBogotá, Colombia :bUNESCO,bSiglo del Hombre Editores,c2002. a199 p. :bil., mapas ;c25 cm. aIncluye referencias bibliográficas.0 aDesde el corazón del mundo, una visión propia sobre el poder, la autoridad, la espiritualidad y el desarrollo : declaración conjunta de las organizaciones indígenas -- Pensamiento político de la comunidad Tule (Colombia) / Abadio Green -- Organización política de la comunidad de Turuco (Ecuador) / Lourdes Marisol Alta Lima -- Las autoridades tradicionales políticas y espirituales de las comunidades kechuas del Valle de Patakancha, base del Centro Sami (Ollantaytambo, Valle Sagrado de los Inkas, Cusco-Peru) / Centro de Investigación y Promoción Andino Amazónico -- Gobierno de la comunidad de Lapa Lapa del Ajtun Ayllu Yura (Bolivia) / Fermín Beltrán Condori (Apu Mallku de Conamaq) -- Dos mundos opuestos : entrevista de Victor Molina con Ramiro Reynega -- Los cacicazgos del Área Intermedia : entender el antes, para construir el ahora y proyectar el despues / Roberto Arturo Restrepo Arcila. 4aIndios de sur américaxVida social y costumbres918030 4aFilosofía indiazAmérica Del Sur918031 4aDesarrollo sosteniblezAmérica Del Sur9180321 aRestrepo Arcila, Roberto Arturo.ecomp.918033 aCatalogación por copia / LC aBNGR 001054708MOaGRbGRcCTd2009-08-31iLF1l0o986.003 S116pp6503-10r2020-06-25w2020-06-25y4ZPréstamo en sala c6294d6294